• 首页
  • 本馆介绍
  • 公告通知
  • 最新文献
  • 馆藏检索
  • 电子资源
  • 读者导购
  • 参考咨询
  • 我的图书馆
  • 登录
  • 详细信息显示
  • 放入我的书架
  • 预约/预借图书
  • 作者相关作品
  • 分类相关作品
  • 丛书相关作品
  • 出版社相关作品

书目信息

  • 表格格式
  • 工作单格式
  • 卡片格式
题名:
地球和行星
    
 
作者: 巴叶夫 著 ;腾砥平 译
分册:  
出版信息: 北京   中国青年出版社  1951
页数: 92页
开本: 20cm
丛书名: 苏联青年科学丛书
单 册:
中图分类: P1-49
科图分类:
主题词: 天文学
电子资源:
ISBN:
000 00686nam0 2200241 450
001 0633038359
005 20060927172859.23
010    @dCNY3.00
100    @a20060926d1951 km y0chiy0120 ea
101 0  @achi@crus
102    @aCN@b110000
102    @aCN@b110000
200 1  @a地球和行星@Adi qiu he xing xing@f(苏)巴叶夫等著@F(su)ba ye fu deng zhu@g腾砥平译@Gteng di ping yi
210    @a北京@c中国青年出版社@d1951
215    @a92页@d20cm
225    @a苏联青年科学丛书
410  0 @12001 @a苏联青年科学丛书
606 0  @a天文学
690    @aP1-49@v3
701  0 @a巴叶夫@Aba ye fu@4著
702  0 @a腾砥平@Ateng di ping@4译
801  0 @aCN@bPFT@c20060927
905    @a10447@dP1-49@e127
    
    地球和行星/(苏)巴叶夫等著/腾砥平译.-北京:中国青年出版社,1951
    92页;20cm.-(苏联青年科学丛书)
    
    
    ISBN :CNY3.00
    
●
相关链接 在E读中查询图书 在五车中查询图书 在当当中查询图书 在豆瓣中查询图书


正题名:地球和行星     索取号:P1-49/127         预约/预借

序号 登录号 条形码 馆藏地/架位号 状态 备注
1 0422868   204228683   密集书库/ [索取号:P1-49/127] 在馆    
唐山师范学院图书馆 欢迎您!
大连网信软件有限公司© 版权所有